| 000 | 00476nam a2200181Ia 4500 | ||
|---|---|---|---|
| 005 | 20231118093345.0 | ||
| 008 | 131103s9999 xx 000 0 und d | ||
| 040 | _aLoreto College | ||
| 041 | _aEnglish | ||
| 082 |
_a323 _bPRO |
||
| 100 | _aAmerican Center | ||
| 245 |
_aThe iIplementation of Human Rights _cThe American Center Calcutta |
||
| 260 |
_aCalcutta _bAmerican Center _c[19- -?] |
||
| 300 | _a335p. | ||
| 650 | _aHuman rights | ||
| 850 | _aLCLIB | ||
| 942 | _cBK | ||
| 999 |
_c23116 _d73595 |
||